| 000 -LEADER |
| fixed length control field |
00802nam a22001457a 4500 |
| 008 - FIXED-LENGTH DATA ELEMENTS--GENERAL INFORMATION |
| fixed length control field |
220531b ||||| |||| 00| 0 eng d |
| 100 ## - MAIN ENTRY--PERSONAL NAME |
| Personal name |
Chawal, Alka |
| 245 ## - TITLE STATEMENT |
| Title |
Role of copyright law in education and educational Institutions |
| 260 ## - PUBLICATION, DISTRIBUTION, ETC. (IMPRINT) |
| Place of publication, distribution, etc |
Journal of the Indian Law Institute |
| 300 ## - PHYSICAL DESCRIPTION |
| Extent |
63(2), Apr-Jun, 2021: p.146-171 |
| 520 ## - SUMMARY, ETC. |
| Summary, etc |
The paper is of great relevance for the education sector during normal and the “new normal times of pandemic 2020-21”. It analyses the interface between issues in copyright law on one hand and teaching whether offline or online; requirement of reading material by students, researchers and the faculty through physical or e-liberalises; - Reproduced |
| 773 ## - HOST ITEM ENTRY |
| Main entry heading |
Journal of the Indian Law Institute |
| 906 ## - LOCAL DATA ELEMENT F, LDF (RLIN) |
| Subject DIP |
COPYRIGHT LAW |
| 942 ## - ADDED ENTRY ELEMENTS (KOHA) |
| Item type |
Articles |